Statistics for 震災直前から現在にかけて特急停車駅から除外された常磐線の駅

Click here to take the quiz!

General Stats

  • This quiz has been taken 11 times
  • The average score is 10 of 11

Answer Stats

Answer% Correct
北千住
100%
松戸
100%
我孫子
100%
取手
100%
藤代
100%
神立
100%
大津港
100%
十王
90%
植田
80%
四ツ倉
80%
小高
70%

Score Distribution

Percentile by Number Answered

Percent of People with Each Score

Your Score History

You have not taken this quiz